01328nas a22002297a 450000500170000000700120001700800410002902200170007002200170008704000090010408200150011324500740012826000370020230000160023931000140025536500160026950007090028565000450099465100100103965500140104985600350106320200515102252.0cz aa aaaaa200428c q||poo|||| 00| 0 eng d a2664-8717(P) a2664-8725(E) coclc a420bJOU/E aInternational Journal of Research in Englishhe-Journal (Open Access) aDelhi, IndiabPrime Publications aPDF(online) aQuarterly eOpen Access aInternational Journal of Research in English is an international, peer-reviewed, open access online journal. The journal publishes related research articles in the form of original articles, review articles, short reviews, short notes etc. It encourages scholars and teachers of English and Literature to contribute their papers in the fields of Language and its research, Literature and its Applications, Creative Writing, Linguistics, Accent, Poetry, Criticism, Phonetics, Literary Criticism, Philosophy of Language, Theater, Technical Communication, Culture Studies, English novel, English poetry,Character Study, Evolution of Literature, Methodologies in Teaching and other topics related to English. 0aLanguagevEnglish & Old EnglishxEnglish 0aIndia 0ae-Journal uhttp://www.englishjournal.net/